Finančná analýza podniku Nevitel, a.s. za roky 2007-2009 diplomová práca

Uložené v:
Podrobná bibliografia
Hlavný autor: Pham, Van Hieu
Korporativný autor: Fakulta podnikového manažmentu EU. Katedra podnikových financií
Ďalší autori: Zalai, Karol
Médium: Kniha
Jazyk:Slovak
Vydavateľské údaje: Bratislava 2011
Tagy: Pridať tag
Žiadne tagy, Buďte prvý, kto otaguje tento záznam!

MARC

LEADER 00000nbm a2200000 4500
001 0131421
005 20161109101702.2
041 0 |a slo 
044 |a SK 
245 1 0 |a Finančná analýza podniku Nevitel, a.s. za roky 2007-2009  |b diplomová práca  |c Van Hieu Pham ; školiteľ: Karol Zalai 
264 1 |a Bratislava  |c 2011 
300 |a 78 s. 
100 1 |a Pham, Van Hieu 
700 1 |a Zalai, Karol 
710 2 |a Fakulta podnikového manažmentu EU. Katedra podnikových financií